The International standard Bible encyclopaedia. (Record no. 6760)

MARC details
000 -LEADER
fixed length control field 00922cam a22002771 4500
001 - CONTROL NUMBER
control field 227386
003 - CONTROL NUMBER IDENTIFIER
control field GBCCL
005 - DATE AND TIME OF LATEST TRANSACTION
control field 20241126110611.0
008 - FIXED-LENGTH DATA ELEMENTS--GENERAL INFORMATION
fixed length control field 790405t19561939miuabch d 000 0 eng
010 ## -
-- 53002102
020 ## - INTERNATIONAL STANDARD BOOK NUMBER
International Standard Book Number 1565630262
035 ## - SYSTEM CONTROL NUMBER
System control number (OCoLC)ocm00347255
035 ## - SYSTEM CONTROL NUMBER
System control number (OCoLC)347255
040 ## - CATALOGING SOURCE
Original cataloging agency DLC
Language of cataloging eng
Transcribing agency DLC
Modifying agency OCL
-- OCLCQ
-- OCLCG
-- LGG
-- OCLCO
049 ## -
-- LBBA
-- 1-5
050 #0 -
-- BS440
-- .I6 1952
082 0# - DEWEY DECIMAL CLASSIFICATION NUMBER
Classification number 220.3
Item number INT
090 ## - LOCALLY ASSIGNED LC-TYPE CALL NUMBER (OCLC); LOCAL CALL NUMBER (RLIN)
Classification number (OCLC) (R) ; Classification number, CALL (RLIN) (NR) BS440
Local cutter number (OCLC) ; Book number/undivided call number, CALL (RLIN) .I6 1957
245 04 - TITLE STATEMENT
Title The International standard Bible encyclopaedia.
Remainder of title James Orr, general editor.
260 ## - PUBLICATION, DISTRIBUTION, ETC.
Place of publication, distribution, etc. Grand Rapids :
Name of publisher, distributor, etc. Hendrickson publishers,
Date of publication, distribution, etc. 2002
300 ## - PHYSICAL DESCRIPTION
Extent 5 v. (xx, 3541 p.)
Other physical details illus., ports., maps (1 fold., part col.) facsims.
Dimensions 27 cm.
505 ## - FORMATTED CONTENTS NOTE
Formatted contents note originally published by Wm. B. Eerdmans publishing co., 1939,1956
630 00 - SUBJECT ADDED ENTRY--UNIFORM TITLE
Uniform title Bible
Form subdivision Dictionaries.
9 (RLIN) 1814
700 1# - ADDED ENTRY--PERSONAL NAME
Personal name Orr, James,
Dates associated with a name 1844-1913,
Relator term ed.
9 (RLIN) 12082
942 ## - ADDED ENTRY ELEMENTS (KOHA)
Source of classification or shelving scheme Dewey Decimal Classification
Koha item type Reference Books
Holdings
Withdrawn status Lost status Source of classification or shelving scheme Damaged status Not for loan Home library Current Library Shelving location Date acquired Total checkouts Full call number Barcode Date last seen Copy number Price effective from Koha item type
    Dewey Decimal Classification     GRACE BIBLE COLLEGE GRACE BIBLE COLLEGE Encyclopedia 2018-06-06   220.3 INT 006184 2025-05-01 v.1 2018-06-06 Reference Books
    Dewey Decimal Classification     GRACE BIBLE COLLEGE GRACE BIBLE COLLEGE Encyclopedia 2018-06-06   220.3 INT 006185 2025-05-01 v.2 2018-06-06 Reference Books
    Dewey Decimal Classification     GRACE BIBLE COLLEGE GRACE BIBLE COLLEGE Encyclopedia 2018-06-06   220.3 INT 006190 2025-05-01 v.3 2018-06-06 Reference Books
    Dewey Decimal Classification     GRACE BIBLE COLLEGE GRACE BIBLE COLLEGE Encyclopedia 2018-06-06   220.3 INT 006191 2025-05-01 v.4 2018-06-06 Reference Books
© Grace Bible College Library 2025